<?xml version="1.0" encoding="UTF-8"?>
<marc:record xmlns:marc="http://www.loc.gov/MARC21/slim">
   <marc:leader>00000nam a2200000 a 4500</marc:leader>
   <marc:datafield ind1="1" ind2=" " tag="100">
      <marc:subfield code="a">Kasten, Mona</marc:subfield>
      <marc:subfield code="4">aut</marc:subfield>
      <marc:subfield code="e">Verfasser/-in</marc:subfield>
   </marc:datafield>
   <marc:datafield ind1=" " ind2=" " tag="653">
      <marc:subfield code="a">New Adult</marc:subfield>
   </marc:datafield>
   <marc:datafield ind1="0" ind2="0" tag="245">
      <marc:subfield code="a">Save you</marc:subfield>
   </marc:datafield>
   <marc:datafield ind1=" " ind2="1" tag="264">
      <marc:subfield code="c">2018</marc:subfield>
   </marc:datafield>
   <marc:datafield ind1=" " ind2=" " tag="250">
      <marc:subfield code="a">Originalausgabe</marc:subfield>
   </marc:datafield>
   <marc:datafield ind1="1" ind2=" " tag="520">
      <marc:subfield code="a">#Beschreibung#"Du hast mir das verdammte Herz rausgerissen. Und ich hasse dich dafür. Aber ich liebe dich auch, und das macht das Ganze so viel schwerer."##Ruby ist am Boden zerstört. Noch nie hatte sie für jemanden so tiefe Gefühle wie für James. Und noch nie wurde sie so verletzt. Sie wünscht sich ihr altes Leben zurück als sie auf dem Maxton Hall College niemand kannte und sie kein Teil der elitären und verdorbenen Welt ihrer Mitschüler war. Doch sie kann James nicht vergessen. Vor allem nicht, als dieser alles daransetzt, sie zurückzugewinnen -##"Lache, weine und verliebe dich. Mona Kasten hat ein Buch geschrieben, das man nicht aus der Hand legen kann!" Anna Todd über Begin Again#Band 2 der neuen Trilogie von Spiegel-Bestseller-Autorin Mona Kasten!#</marc:subfield>
   </marc:datafield>
   <marc:datafield ind1=" " ind2=" " tag="020">
      <marc:subfield code="a">9783736306240</marc:subfield>
      <marc:subfield code="9">9783736306240</marc:subfield>
   </marc:datafield>
   <marc:datafield ind1=" " ind2=" " tag="041">
      <marc:subfield code="a">ger</marc:subfield>
   </marc:datafield>
   <marc:datafield ind1=" " ind2=" " tag="300">
      <marc:subfield code="a">381 Seiten</marc:subfield>
   </marc:datafield>
</marc:record>
